| 000 | 00586nam a2200193 a 4500 | ||
|---|---|---|---|
| 005 | 20140310183212.0 | ||
| 008 | 030423s19uu xx 00 eng d | ||
| 020 | _a0673043231 | ||
| 050 |
_aQP 37 _b.H434 1974 |
||
| 100 | _aRichmond, Julius B. | ||
| 245 |
_aHealth and growth. Bk. 4 / _cJulius B. Richmond, et. al. |
||
| 260 |
_bScott, Foresman and Company, _c1974. _aGlenview, Illinois : |
||
| 300 |
_a224 p. : _bcol. ill. ; _c22 cm. |
||
| 521 | _aNUR | ||
| 650 |
_aHealth _xStudy and teaching. |
||
| 650 |
_aGrowth _xStudy and teaching. |
||
| 942 |
_cBK _2lcc _kFOR |
||
| 999 |
_c20162 _d20162 |
||